| 000 | 00897cam a22002531 4500 | ||
|---|---|---|---|
| 001 | 3111313 | ||
| 005 | 20090707093410.0 | ||
| 008 | 730522s1958 nyua | 000 0 eng d | ||
| 010 | _a 58011396 | ||
| 040 |
_aDLC _cDLC _dDLC |
||
| 043 | _an-us--- | ||
| 050 | 0 | 0 |
_aUA23 _b.G53 |
| 082 | 0 | 0 |
_a355.4 _222 _bGAV |
| 100 | 1 |
_aGavin, James M. _q(James Maurice), _d1907-1990. _910033 |
|
| 245 | 1 | 0 |
_aWar and Peace in the Space Age/ _cJames M. Gavin |
| 260 |
_aNew York: _bHarper, _c1959 |
||
| 300 |
_a287 p.: _bill. ; _c22 cm. |
||
| 500 | _aIncludes index | ||
| 650 | 0 |
_aWorld politics _y1945-1989. _910034 |
|
| 650 | 0 |
_aMilitary history, Modern _y20th century. _910035 |
|
| 651 | 0 |
_aUnited States _xMilitary policy. _910036 |
|
| 942 |
_2ddc _cBB |
||
| 999 |
_c13060 _d13060 |
||